书目信息 |
| 题名: |
核武器与战争
|
|
| 作者: | 李悦唐 编著 | |
| 分册: | ||
| 出版信息: | 北京 国防工业出版社 1997.11 |
|
| 页数: | 306页 | |
| 开本: | 32开 | |
| 丛书名: | ||
| 单 册: | ||
| 中图分类: | E928 | |
| 科图分类: | ||
| 主题词: | 武器--军事技术 , 军用器材--军事技术 | |
| 电子资源: | ||
| ISBN: | 7-118-01847-3 | |
| 000 | 00582nam0 2200205 45 | |
| 001 | 0003201679 | |
| 005 | 20000320165358.1 | |
| 010 | @a7-118-01847-3@d18.00元 | |
| 100 | @a20000320d1997 km y0chiy0120 ea | |
| 101 | @achi | |
| 105 | @a z 000yy | |
| 200 | 1 | @a核武器与战争@AHe Wu Qi Yu Zhan Zheng@f李悦唐等编著@FLi Yue Tang Deng Bian Zhu |
| 210 | @a北京@c国防工业出版社@d1997.11 | |
| 215 | @a306页@d32开 | |
| 606 | 0 | @a武器@x军事技术 |
| 606 | 0 | @a军用器材@x军事技术 |
| 690 | @aE928@v3 | |
| 701 | @a李悦唐@4编著 | |
| 801 | @aCN@bPftUser@c20000320 | |
| 905 | @f1@b51208@dE928@eL825 | |
| 核武器与战争/李悦唐等编著.-北京:国防工业出版社,1997.11 |
| 306页;32开 |
| ISBN 7-118-01847-3:18.00元 |
| ● |
| 相关链接 |
|
|
|
正题名:核武器与战争
索取号:E928/L825
 
预约/预借
| 序号 | 登录号 | 条形码 | 馆藏地/架位号 | 状态 | 备注 |
| 1 | 51208 | 200512089 | 社科库509/509社科库 128排1列2层/ [索取号:E928/L825] | 在馆 |